| 000 | 00380nam a2200157Ia 4500 | ||
|---|---|---|---|
| 008 | 230917s9999||||xx |||||||||||||| ||und|| | ||
| 040 |
_e79705 _aMAIN |
||
| 041 | _aEnglish | ||
| 082 | _a346.078 W675L(19) | ||
| 100 | _aWilliams | ||
| 245 | 0 | _aLaw and practice in bank ruptcy | |
| 250 | _a19th ed. | ||
| 260 |
_aLondon _bStevens _c1979 |
||
| 300 | _acxii, 968 p. | ||
| 942 | _cBK | ||
| 999 |
_c202911 _d202911 |
||